[Event "Tel Aviv super 1st"]
[Site "Tel Aviv"]
[Date "1999.05.16"]
[Round "6"]
[White "Huzman, Alexander"]
[Black "Sutovsky, Emil"]
[Result "1-0"]
[WhiteElo "2575"]
[BlackElo "2612"]
[Annotator "Tyomkin,D"]
[PlyCount "77"]
[EventDate "1999.05.11"]
[EventType "tourn"]
[EventRounds "9"]
[EventCountry "ISR"]
[EventCategory "14"]
[SourceTitle "CBM 071"]
[Source "ChessBase"]
[SourceDate "1999.08.01"]
[SourceVersion "1"]
[SourceVersionDate "1999.08.01"]
[SourceQuality "1"]

{There are many motives in this game: attack and defense, tactics and strategy,
material disbalance after a sacrifice, theoretical dispute.  A game to enjoy!} 
1. d4 {Krasenkow} Nf6 2. c4 g6 3. Nc3 d5 4. cxd5 Nxd5 5. e4 Nxc3 6. bxc3 Bg7 7.
Nf3 c5 8. Rb1 O-O 9. Be2 Nc6 10. d5 Ne5 11. Nxe5 Bxe5 12. Qd2 e6 13. f4 Bg7 14.
c4 b6 15. Bb2 Bxb2 16. Qxb2 $146 {Huzman opens a new way for white in this
critical variation of the Gruenfeld defense. Of course, this is the result of
home-preparation with Boris Gelfand. By the way, 3 rounds before, in the 3rd
round, Gelfand didn't play 16.Qxb2 against Liss, and chose the old 16.Rxb2. In
that game Boris didn't get an advantage, and even get worse. And now his
second, Alexander Huzman, plays 16.Qxb2 and easily wins the game. I think
things are more complicative than they look like. First, I found an
improvement in the current game, which leads to a draw. Secondary, black has
many possibilities in close moves, and there is big field to improve blacks
play. According my Mega99 (which is updated well) - 16.Qxb2 is a theoretical
novelty. But, as I know, it was one game in one of last Informant issues,
where white played this move. Unfortunately, I don't have all Informator
volumes in my library and can not introduce you this game. There were few
fresh and very interesting games this year in the 16.Rxb2 line. Gelfand hadn't
showed an advantage against Liss. But the very fresh game (June'99) of
Khalifman against Greenfeld is impressive. Krasenkow: 'An attempt to directly
refute Black's idea.'} (16. Rxb2 Ba6 17. Rb3 $5 {[%cal Gb3e3]} (17. h4 exd5 18.
cxd5 Bxe2 19. Kxe2 Qd7 20. Kf2 Rad8 21. Rd1 Qg4 22. Rb3 Rfe8 23. Re1 Qxh4+ 24.
Kf1 Qh1+ 25. Kf2 Qh4+ 26. Kf1 Qh1+ {1/2-1/2 Gelfand,B-Liss,E/Tel Aviv ISR 1999
(26)} (26... g5 $1 27. f5 (27. fxg5 Rxe4 28. Rxe4 Qxe4 29. d6 Qc4+ $1 $19)
27... g4 28. Rbe3 $8 (28. Qf4 Rxd5 $1 29. Rh3 Rxf5 $1) 28... Qf6 $1 $17 (28...
g3 29. Qd3 Qh1+ 30. Ke2 Qxg2+ 31. Kd1 $36))) (17. O-O exd5 18. cxd5 Bxe2 19.
Qxe2 f5 20. exf5 Qxd5 21. fxg6 Qd4+ 22. Kh1 {1/2-1/2 Alterman,B-Tseitlin,M/Tel
Aviv 1994/EXT 97 (22)}) 17... Re8 18. Re3 exd5 19. cxd5 Bxe2 20. Rxe2 Qh4+ 21.
g3 Qh3 22. Rf1 b5 23. f5 Qh5 24. Rf4 g5 25. Rff2 f6 26. e5 $1 Rxe5 27. Rxe5
fxe5 28. d6 $16 {1-0 Khalifman,A-Greenfeld,A/St Petersburg RUS 1999 (41)})
16... exd5 17. cxd5 Re8 18. e5 Qxd5 $1 {[%mdl 64] That is a rook sacrifice,
but the correctness of this sacrifice depends on my improvement of blacks play
on 25th move.} (18... f6 $2 19. O-O $16) (18... Bb7 19. Rd1 Bxd5 20. O-O $16 (
20. Bf3 Qh4+ 21. g3 Bxf3 22. gxh4 Bxh1 $132)) 19. Bf3 Qc4 20. Bxa8 Qxf4 21. Bf3
Rxe5+ {Krasenkow: 'This position was considered satisfactory for Black but
Huzman has a different opinion on the subject.'} 22. Kf1 {What has black in
compensation for sacrifice? In addition to 3 pawns, white's king is open in
the center, white's pieces are disconnected, and the R is locked on-h1.} Qe3 {
[%cal Rc8a6] /\Ba6} (22... Bb7 {Krasenkow} 23. Re1 $1 Rxe1+ (23... Bxf3 $2 24.
Rxe5 Be4+ 25. Ke2) 24. Kxe1 Bxf3 25. gxf3 Qxf3 26. Rf1 $18) 23. Qe2 {That is
the only defense.} Qc3 (23... Qd4 {Very attractive ending arises after this
move.} 24. Rd1 Rxe2 25. Rxd4 Rxa2 26. Rd8+ Kg7 27. Ke1 $1 {[%cal Gh1f1,Gf1f2,
Yd8d2] /\Rf1-f2,/\Rd2  In my opinion the best plan for white in this unusual
ending is next: to hold whites king close to the queenside, and after
inserting Rh1 into the game, white easily stops blacks pawns.} (27. h4 $2 Be6
28. Kg1 a5 29. Kh2 b5 {and black is even better now.}) 27... Ba6 $1 (27... Be6
28. Rf1 $16 {[%cal Gf3d5,Gf1f2] White intends Bd5 or Rf2.}) 28. g3 {[%cal
Gf3h1] This move allows two plans: a) Rd2 and Kf2; b) to transfer whites king
to the queenside over 1st rank (Rh1 is protected by Bf3 now.).} (28. Rd2 Ra1+
29. Bd1 c4 30. Rb2 $1 {[%cal Ge1d2] /\Kd2} c3 31. Rc2 Ra3 {[%cal Gb6b5,Gb5b4]
Black pawns are stepping forward,and whites win is under a big question.}) (28.
g4 $5 {with the same ideas as after 28.g3.Pherhaps this is even better because
allows white to attack f7-point easier and black doesn't have f7-f5.}) 28...
Bb5 (28... Bc4 29. Rd2 {[%cal Ge1f2] /\Kf2}) (28... c4 29. Bd5 (29. Rd2 $6 Ra3
{[%csl Rf3][%cal Gc4c3] /\c3,/\Rf3})) 29. Rd2 Ra3 30. Be2 $16 (30. Kf2 $2 Rxf3+
$1 {[%cal Gb5c6]})) 24. Rb3 {'!' Krasenkow.} (24. Qb5 {Krasenkow} c4) {
Krasenkow: White had certainly analysed this position at home. Black now has
two options: to trade the queens and try to make use of his pawn avalanche on
the q-side (with the support of his remaining rook, which he should not
exchange!) or attempt to continue his attack. However, he should take into
consideration that, if White manages to consolidate his position, then the
presence of the queens will be favourable for him as he will be able to create
his own attack.} 24... Qa1+ {Black wins a 4th pawn, and he gets 3 passed pawns
on the queenside.} (24... Rxe2 25. Rxc3 Rxa2 {This ending is similar to the
ending after 23...Qd4.The only difference is R on-c3 instead of -d3.} 26. Ke1
$1 {The same idea is the best here too.} Ba6 {'©' Krasenkow.} (26... Be6 $44 {
Krasenkow} 27. Rf1 c4) 27. Kd1 $1 {White has to play artfully to insert Rh1
into the game!} c4 28. Re1 b5 29. Rc2 Ra3 30. Re8+ Kg7 31. Rb8 $18) (24... Qd4
{Krasenkow} 25. Rd3 Ba6 26. Rxd4 Bxe2+ 27. Bxe2 cxd4 28. Kf2 $14) 25. Qd1 Qxa2
$2 {'?!' Krasenkow. Emil misses his chance in this game.} (25... Ba6+ $1 26.
Kf2 $8 Qxa2+ 27. Kg1 (27. Kg3 $6 Rg5+ {Black has very dangerous attack, but
pherhaps white is strong enough to get a draw.} 28. Kh4 (28. Kh3 Bc8+ 29. g4 h5
{looks very dangerous for white.}) 28... Re5 ({Interesting:} 28... Rxg2 $5 29.
Bxg2 Qxg2 {looks very dangerous too.}) (28... h6 {Krasenkow: and the position
of the white king on h4 must guarantee Black good counterchances.}) (28... Qa4+
29. g4) 29. Kg3 $11 (29. Kh3 Bc8+ 30. g4 Be6 {[%cal Ga2f2] /\Qf2})) 27... Be2
$3 {It saves black here!} 28. Bxe2 (28. Qb1 $2 Qd2) 28... Rxe2 29. Rg3 Rd2 30.
Qe1 Re2 31. Qd1 $11 (31. Qf1 $2 Qd2)) 26. h4 $1 {That is an attacking and
defensive move at the same time. White threatens h4-h5, and on the other hand,
white's king turns safer with this move.} h5 27. Kg1 {Krasenkow: 'This is
exactly the case when White consolidates the position of his king.'} Kg7 28.
Rc3 $1 {The beginning of very strong strategical plan. Krasenkow: 'With the
presence of the queens Black can't start his pawns!'} Bf5 (28... Qe6 29. Kf2 {
[%cal Gh1e1] /\Re1}) 29. Qc1 $1 {White gains control over black squares. The
next stage of the plan is to finish development (what did you do last 28 moves,
Mr.Huzman?) by moving the king to h2 or f2, and to complete with Re1. In the
same time white is controlling black pawns on the queenside.} Qa4 30. Rc4 Qe8 (
30... Qa2 31. Kh2 (31. Qc3 f6 32. Kh2 Qf2 $132) 31... Be6 32. Rf4 $16) 31. Qc3
Kh7 32. Kf2 Qe7 33. Re1 {Krasenkow: 'The exchange of rooks is favouurable for
White. After that Black can't swap queens anymore'} Rxe1 34. Qxe1 Qf6 35. Qc3
Qd6 (35... Qxc3 {-this ending is losing for black-he can not advance queenside
pawns.}) (35... Qxc3 {Krasenkow} 36. Rxc3 Be6 37. Ke3 Kg7 38. Bc6 Kf6 39. Ke4 {
with good winning chances}) 36. Ra4 a5 37. Be2 $1 {Blocking queenside pawns.}
Bd7 38. Re4 Bf5 $4 {[%mdl 8192] just a blunder in losing position.Emil could
try to use some practical chances after:} (38... b5 $142 $1 39. Qxa5 (39. Qe5
Qb6 $1 (39... Qxe5 40. Rxe5 c4 41. Re7 Be6 42. Ke3 $18 {[%cal Ge3d4]}) 40. g4
c4+ 41. Kf1 Bxg4 42. Bxg4 hxg4 43. h5 $16) 39... Bf5 (39... Bc6 40. Re3 Qf4+
41. Bf3 Qxh4+ 42. Kg1 $18) 40. Re3 b4 {and black has few practical chances to
save a game.}) (38... a4 39. Qe5 $1) (38... Be6 {Krasenkow} 39. Bc4 $1) 39. Re8
1-0

[Event "Ashdod op"]
[Site "Ashdod"]
[Date "2004.12.13"]
[Round "6"]
[White "Gerzhoy, Leonid"]
[Black "Tyomkin, Dimitri"]
[Result "0-1"]
[WhiteElo "2372"]
[BlackElo "2505"]
[Annotator "Tyomkin,D"]
[PlyCount "90"]
[EventDate "2004.12.09"]
[EventType "swiss"]
[EventRounds "9"]
[EventCountry "ISR"]
[SourceTitle "CBM 103 Extra"]
[Source "ChessBase"]
[SourceDate "2005.01.01"]
[SourceVersion "1"]
[SourceVersionDate "2005.01.01"]
[SourceQuality "1"]

1. d4 Nf6 2. c4 g6 3. Nc3 d5 4. Nf3 Bg7 5. cxd5 Nxd5 6. e4 Nxc3 7. bxc3 c5 8.
Rb1 O-O 9. Be2 Nc6 10. d5 Ne5 11. Nxe5 Bxe5 12. Qd2 e6 13. f4 Bc7 {Beer-Sheva
variation! Some important games in this line were played in Beer Sheva vs
Saint Petersburg match several years ago. Beer-shevian GM's Alon Greenfeld,
Alex Huzman, Boris Avrukh, Victor Mikhalevski and especially Mark Tseitlin
developed the theory of 13...Bc7 variation.} 14. O-O exd5 15. exd5 Ba5 16. d6
Rb8 17. Ba3 Bf5 18. Rbd1 Rc8 $1 {Much better than 18...b6. Rc8 supports c5-c4
advance.} (18... b6 19. h3 {This move doesn't look as strongest, but brought
white an advantage anyhow.} Qf6 20. Bb2 Rbd8 21. Bb5 $1 Bd7 22. c4 $1 Qf5 23.
Bxd7 Rxd7 24. Qe2 $16 {1-0 Khalifman,A-Roos,D/Germany 1998/GER-chT (48). (47)})
19. g4 $1 {Otherwise black is just fine.} (19. Bf3 Qf6 20. Bb2 c4 $1 21. Rfe1 (
21. Bxb7) 21... Bd3 $15 {0-1 Belov,V-Nikolenko,O/Moscow 2000/EXT 2001 (32)})
19... Bd7 20. f5 $1 (20. Bf3 b5 $132) 20... gxf5 $146 {Recommendation of my
good friend GM Avrukh.} (20... Qh4 21. Bf3 gxf5 (21... b5 22. fxg6 hxg6 23.
Rde1 c4 $132) 22. gxf5 (22. Bxb7 Qxg4+ 23. Kh1 Kh8 24. Rf4 Qg7 25. Rf3 c4 $13)
22... Rfe8 (22... b5 $142 $5) 23. Kh1 (23. Bxb7 Kh8 24. Rf3 $16) 23... Re5 24.
Qf4 Qg5 25. Bxb7 Qxf4 26. Rxf4 Rb8 27. Bd5 Bxc3 28. Bxf7+ Kg7 29. Bg6 hxg6 30.
h3 Kf8 31. Kh2 Ke8 32. Bc1 Bc6 {1/2-1/2 Krasenkow,M-Avrukh,B/Izmir TUR 2004/
The Week in Chess 518 (32).}) 21. g5 {White hopes for Bd3xf5, but....} (21.
gxf5 Qf6 22. Bb2 c4 $15) 21... c4 22. Bf3 Re8 {The pawn b7 is untouchable in
view of Qb6+.} 23. Kh1 b5 24. Rfe1 Re6 25. Rxe6 $6 (25. Bd5 $142 Bc6 26. Bxc6
Rxc6 27. d7 Bc7 {black is better here, but white has some counterchances due
to d7 pawn.}) 25... fxe6 26. Rg1 (26. g6 hxg6 (26... Qh4 27. Rg1 Bb6 $17) 27.
Rg1 Qf6 28. Qh6 Kf7 $19) 26... Bb6 27. Rg3 Qf8 {It took me almost one hour to
find this move! Black stops white's attack this way, however 27...Kh8 was good
enough to get rid of white's threats.} (27... Be8 $2 28. g6 Bxg6 (28... hxg6
29. d7 $18) 29. d7 Rc7 30. Bd5 $3 exd5 31. Qxd5+ Kg7 32. Qe5+ $11) (27... Kh8
28. g6 Qh4 (28... Qf6 29. Qh6 $16) 29. gxh7 f4 $1 $17) 28. g6 h6 29. Rh3 (29.
Bc1 Bc5 $1 {[%csl Rd6]}) 29... f4 $1 $17 {Time to advance of a kingside, black
is the side who attacks there now!} 30. Be4 Qf6 31. Rf3 Be3 32. Qc2 (32. Qxe3
fxe3 33. Rxf6 e2 $19 {and black promotes a new queen.}) 32... Qe5 (32... e5
$142) 33. Rf1 Rf8 34. Bb4 Rf6 {threatening Rxg6} 35. Qg2 Kg7 36. Qf3 Bb6 (36...
Rxg6 $1 37. Bxg6 Kxg6 $19) 37. h4 a5 38. Ba3 Be3 {[%csl Rc3,Rd6]} 39. Bc6 $2 {
just hastens the end, while white is lost in all cases.} Bxc6 $19 {Just look
what Fritz 8 suggests here as a strongest!} ({Fritz 8 line:} 39... Rxg6 $1 {
This move I didn't even consider during the game!} 40. Bxd7 Rg3 41. Qb7 Kh8 $1
{clears g7 spot for black queen! the threat is 42...Rh3+ 43.Kg2 Qg7+ mating.}
42. Qa8+ Kh7 $19) 40. Qxc6 Qf5 {This move wins , while black could safely grab
a pawn as well.} (40... Rxg6 41. Qb7+ Kh8 42. d7 Qf6 $19) 41. Qf3 e5 42. Rd1 e4
43. Qg2 f3 {once pawns f3 and e4 were f7 and f5!} 44. Qh2 f2 45. Rf1 Rxg6 0-1

[Event "Ashdod op 1st"]
[Site "Ashdod"]
[Date "2003.10.14"]
[Round "5"]
[White "Kudischewitsch, David"]
[Black "Tyomkin, Dimitri"]
[Result "0-1"]
[WhiteElo "2413"]
[BlackElo "2476"]
[Annotator "Tyomkin,D"]
[PlyCount "136"]
[EventDate "2003.10.04"]
[EventType "swiss"]
[EventRounds "9"]
[EventCountry "ISR"]
[SourceTitle "CBM 096 Extra"]
[Source "ChessBase"]
[SourceDate "2003.10.22"]
[SourceVersion "2"]
[SourceVersionDate "2003.10.20"]
[SourceQuality "1"]

{52 y.o. "Kudi" is known as very dangerous player- he proved that he can beat
anyone! About 35 years ago "Kudi", who is same age as Karpov, was considered
as one of greatest talents of Soviet Chess;} 1. d4 Nf6 2. c4 g6 3. Nc3 d5 4.
cxd5 Nxd5 5. Ne4 $6 {Kudi is famous in Israel by playing rare and even ugly
openings- but he is very dangerous in them! I've just managed to find two
games with this move in my database- both played in 1952 in Yugoslavia.... Of
course, this move can not cause black big troubles;} Bg7 {Probably 5...Nb4 is
a refutation of 5.Ne4 variation!} (5... Nb4 $5 {[%cal Gc8f5,Rd8d4]} 6. e3 (6.
Nf3 Bf5 $1 $15) 6... Bf5 $15) 6. Nf3 O-O 7. e3 b6 {Not the only plan in this
position- but b6 and Bb7 seems very logical here, also intending c7-c5;} 8. Bd2
Bb7 9. Qc2 c5 (9... Na6 $5 {[%cal Gc7c5]}) (9... Nd7 $5 {[%cal Gc7c5]}) 10.
dxc5 Na6 $6 {Actually I missed strong reply of white here! Here white has some
chances to get better play even!} (10... Nd7 11. c6 Rc8 12. Bb5 Nb8 {and black
is better here;}) 11. Qb3 $1 Rc8 12. Rc1 $1 f5 {this move is must here- there
was no better way to continue;} 13. c6 (13. Bxa6 $142 Bxa6 14. Nd6 exd6 15.
Qxd5+ Kh8 16. c6 $14 {[%cal Gd2c3] Although white can't castle here, white's
advantage is obvious- Bc3 is coming next;} (16. Qxd6 Rxc5 $15)) (13. Nfg5 fxe4
14. Ne6 Qd7 15. Nxf8 Kxf8 16. Bb5 Rc6 $1 {Only move! otherwise c6 and white
wins; and black is better here;}) 13... fxe4 {Actually, it leads to the same
as 13...Rxc6 if white plays 14.Nd4 instead of 14.cxb7 in game line!} (13...
Rxc6 14. Rxc6 Bxc6 15. Nd4 $1 Bxd4 16. exd4 fxe4 17. Bxa6 $14 {[%cal Ge1g1]})
14. cxb7 $2 {This move is serious mistake- white could get some advantage 2
ways:} (14. Nd4 $1 Bxd4 15. exd4 Rxc6 16. Rxc6 Bxc6 17. Bxa6 $14) (14. Ng5 $5
Rxc6 15. Rxc6 Bxc6 16. Bxa6 $14 {[%cal Gg5e6,Gg5e4]}) 14... Rxc1+ 15. Bxc1 Nc5
16. b8=Q Qxb8 (16... Nxb3 17. Qxd8 Rxd8 18. axb3 exf3 19. gxf3 $14) 17. Qxd5+
e6 18. Qd1 (18. Qc4 exf3 19. gxf3 (19. b4 b5 $1 $17) 19... Rc8 $17) 18... exf3
19. gxf3 {White is up a pawn here, but white is undevelopped and black
develops very strong initiative in few moves;} Rd8 20. Qc2 Qe5 $1 {
Centralization! Qg5 is the main idea of this move to prevent white's 0-0;} 21.
Bc4 (21. Be2 $142 Qg5 22. Kf1 {the position is probably equal here;}) 21... Qg5
22. Ke2 $2 {Even here white could probably reach equality following way:} (22.
Kf1 $1 Qh5 23. Kg2 Qg5+ 24. Kf1 Qh5 $11) 22... Rf8 23. Rf1 Qh5 $17 {Now black
just wins f3 pawn getting clear advantage;} 24. Bd2 Qxf3+ 25. Ke1 Rd8 26. Be2
Qd5 27. Bc4 Qd6 28. Ke2 {White's position is still "hard to break" here;} a5 {
Not sure about this move, but I fail to find something better here...} 29. b4
axb4 30. Bxb4 Qxh2 31. Bxc5 Qh5+ 32. f3 bxc5 33. Bxe6+ Kh8 $17 {Despite of
equal material and opposite color bishops, black's advantage is obvious in
view of weak white king;} 34. Bc4 Re8 $1 {[%csl Re3]} 35. Bd3 Qh2+ 36. Rf2 $2 {
Just a blunder;} (36. Kd1 Qh3 $5 $17 (36... Qd6 37. Ke2 $15) 37. Qxc5 $140 Rd8
$19 {[%csl Rf1][%cal Gd8d3,Gh3f1]}) 36... Rxe3+ $1 37. Kxe3 Bd4+ 38. Kd2 Qxf2+
39. Be2 Qe3+ 40. Kd1 Qg1+ 41. Kd2 Qa1 42. Kd3 {That's the correct strategy
here- to move the king forward;} (42. a4 $4 {[%tqu "En","Find immediate win
here!","mate in 2!","","d4e3","",5]} Be3+ $3 43. Kd3 (43. Kxe3 Qd4#) 43... Qd4#
) 42... h5 43. Kc4 Kg7 44. Bd3 Qe1 45. Be4 Qb4+ 46. Kd5 $6 {Black can't mate
white king in the middle of the board, but 46.Kd3 was better since now black
just wins f3 pawn almost by force!} (46. Kd3 h4 $19) 46... Qb7+ 47. Kd6 (47.
Kc4 Qa6+ 48. Kd5 (48. Kb3 Qb5+ 49. Ka3 Qb4#) 48... Kf6 $1 $19 {[%cal Ra6e6]})
47... Qb6+ 48. Bc6 (48. Kd5 Kf6 $1 $19 {[%cal Rb6e6]} 49. Kc4 Qa6+ $1 {and
mate in 2;}) 48... Qd8+ 49. Bd7 Qf6+ 50. Be6 Qf4+ 51. Kd7 {10 moves ago white
king was on the 1st rank!} Qxf3 52. Qb1 h4 53. Qb8 Kh6 $6 {That was a right
time to advance h-pawn, especially since Qh2 fails after h3 of black;} (53...
h3 54. Qh2 Qb7+ $19 {[%cal Gd4f6]}) 54. a4 Qf6 $2 {And again h4-h3 wins the
game;} (54... h3 $1 55. Qh2 Qb7+ 56. Ke8 Kg7 $1 {[%csl Re8][%cal Gd4f6] and
white can't grab h3 pawn because of mating threats- Bf6 is coming;}) 55. a5 $17
{White has some chances to escape now;} Be5 56. Qc8 Qg7+ 57. Kc6 c4 $5 {
I don't really need this pawn here! Even Fritz 8 likes my decision here!} 58.
Bxc4 Qf6+ 59. Qe6 $2 {My opponent was sure that the opposite bishops ending is
a draw! He should've kept queens on the board since the forthcoming ending
after queen's trade is actually winning for black!} (59. Kb5 Bd4 $17) 59... h3
60. Qxf6 Bxf6 {[%mdl 4096] In this opposite color bishops ending the draw
seems the most logical result as most of observers of this game thought, but,
as I prove below, white fails in all lines!} 61. a6 (61. Bf1 {This is one of
defensive ideas here to provoke black to advance his pawn to dark square;} h2
62. Bg2 Kg5 63. Kd5 Bd8 64. a6 Bb6 65. Ke4 Kg4 $19 {semilar to the game line;})
61... Bd4 62. Bf1 h2 63. Bg2 Kg5 64. Kd5 Ba7 {[%cal Yd5e6,Ye6f7,Yf7g6,Yg6h5,
Yh5h4,Yh4h3,Ge6f6,Gf6g6,Rd5e4,Re4f3,Ge4d3,Gd3e2,Ge2f1] 'White has 2 defensive
plans now: 1) to move the king below closer to his bishop; or 2) to move the
king from behind to black pawn "g"-suggested by Lev Psakhis;'} 65. Ke4 (65. Ke6
Kg4 66. Kf6 g5 67. Bh1 Kf4 68. Kg6 $1 {White's idea is to get the king to h3!}
g4 69. Kh5 Kg3 $1 70. Kg5 Bb6 $3 {zugzwang!!-see my note for 66.Ke5 move;})
65... Kg4 66. Kd3 (66. Ke5 Kg3 67. Bh1 g5 68. Kf5 g4 69. Kg5 Bb6 {the main
zugzwang position in this ending!} 70. Kf5 (70. Kh5 Kh3 {[%cal Gg4g3,Gg3g2]
and g3-g2 then;}) (70. Bd5 Be3+ 71. Kf5 Kh3 {[%cal Gg4g3,Gg3g2] and again
white fails to bring his king in time to block g2-square;}) 70... Be3 $19 71.
Ke4 Kf2 $1 {[%cal Gg4g3,Gg3g2] then g3, Ba7 and g2;}) 66... Kg3 67. Bh1 Kf2 68.
Ke4 Bb8 $1 {[%cal Gg6g5,Gg5g4] Zugzwang!} 0-1